In search of an integrative vision for technology : interdisciplinary studies in information systems

Αποθηκεύτηκε σε:
Λεπτομέρειες βιβλιογραφικής εγγραφής
Άλλοι συγγραφείς: Strijbos, Sytse (Επιμελητής έκδοσης), Basden, Andrew 1948- (Επιμελητής έκδοσης)
Μορφή: Βιβλίο
Γλώσσα:English
Δημοσίευση: New York : Springer, c2006
Έκδοση:1st ed.
Σειρά:Contemporary systems thinking
Θέματα:
Ετικέτες: Προσθήκη ετικέτας
Δεν υπάρχουν, Καταχωρήστε ετικέτα πρώτοι!

MARC

LEADER 00000nam a2200000 i 4500
001 1/71192
008 080118s2006 eng d
020 |a 978-0387-321509 
020 |a 0-387-32150-0 
035 |l 10093844 
040 |a GR-MY-UA  |b gre  |e aacr 
041 0 |a eng 
082 0 |a 601  |2 (22) 
245 1 0 |a In search of an integrative vision for technology :  |b interdisciplinary studies in information systems /  |c edited by Sytse Strijbos and Andrew Basden 
250 |a 1st ed. 
260 |a New York :   |b Springer,   |c c2006 
300 |a xix, 310 σ.;  |b εικ.;  |c 25 εκ. 
490 1 |a Contemporary systems thinking 
504 |a Περιέχει βιβλιογραφικές παραπομπές (σ. [277]-294) και ευρετήριο 
650 0 0 |a Technology  |x Philosophy. 
650 0 0 |a System theory. 
650 0 0 |a Information networks  |x Philosophy. 
650 0 0 |a Technology  |x Social aspects. 
650 0 0 |a Dooyeweerd Dooyeweerdian reformational philosophy. 
700 1 |a Strijbos, Sytse.  |4 edt 
700 1 |a Basden, Andrew  |d 1948-  |4 edt 
830 0 |a Contemporary systems thinking 
852 |a INST  |b SAMOS  |e 20080118  |h 601 INS  |p 005300027378  |q 005300027378  |t BK  |y 0 
901 |a BIBL3-2008-1 
909 |a Σ  |b 143707 
922 |a 3ΕΛΗ  |b 200712  |c ΕΠΕΑΕΚ2/ΤΜΠΕΣ  |d ΕΛΕΥΘΕΡΟΥΔΑΚΗΣ 
970 |a ΡΟΥΣΣΟΥ  |b ΚΩΝΣΤΑΝΤΙΝΑ  |z 2008/01/18